000 00501nam a2200181Ia 4500
001 21381
005 20260306172915.0
008 260306t2021||||xx |||||||||||||| ||spa||
041 _aESP
082 _a344.83
_bA47
100 _aAlva Matteucci, Mario
_eAUT
245 0 _aIncremento patrimonial no justificado de personas naturales:
_binversiones, movimiento del dinero, ITF
260 _c2021
300 _a126 páginas :
_c24 cm.
650 _aGEN
654 _aCDE
942 _cLIB
_dJUS
_fJUS
_2ddc
_n
999 _c21381
_d21381